000 00515nam a2200181Ia 4500
003 OSt
005 20260129113010.0
008 210210b1949 xxu||||| |||| 00| 0 eng d
040 _cAL
041 _aKannada
082 _a853/372
100 _aRAMARAYA SAMETANA HALLI
_9161743
_dರಾಮರಾಯ ಸಮೇತನ ಹಳ್ಳಿ.
245 _aMahashvete:
_bಮಹಾಶ್ವೇತೆ
260 _aBengaluru
_bH N Rao Brothers
_c1949
690 _aKannada Drama
_9161744
906 _a019647
942 _2ddc
_cBK
999 _c143788
_d143788